| 000 | 01122cab a2200193 4500 | ||
|---|---|---|---|
| 001 | ##L134656 | ||
| 008 | 060823n2006 000 0 eng u | ||
| 035 | _a(Sirsi) u134656 | ||
| 041 | 0 | _aeng | |
| 100 | 1 | _aMcCormick, Helen | |
| 245 | 0 | 4 | _aThe green dream |
| 260 | _c2006 | ||
| 490 | 0 |
_aContract Journal _v434(6587) 9 August 2006, 5(1) |
|
| 520 | _aReports that in a recent survey two out of three construction clients and consultants considered it to be very important to use an environmentally-responsible contractor, with only a tiny percentage considering it unimportant. 77% of respondents now consider environmental issues when preparing a brief; an even larger percentage expect a principal contractor to put forward environmental initiatives upon which they can act. The survey identified the three key project environmental issues as the use of more sustainable products and services, climate change and carbon dioxide emissions, and recycling and waste management. Pie charts. | ||
| 590 | _aIKA050906 | ||
| 651 | 4 |
_aUnited Kingdom _y |
|
| 690 | _aBUILT ENVIRONMENT-SUSTAINABLE CONSTRUCTION | ||
| 942 | _n0 | ||
| 999 |
_c77606 _d77606 |
||